| 000 | 01397nam a2200241Ia 4500 | ||
|---|---|---|---|
| 003 | Ost | ||
| 005 | 20260507075622.0 | ||
| 008 | 260507s9999||||xx |||||||||||||| ||und|| | ||
| 020 | _a9789931659808 | ||
| 040 | _cfsecg | ||
| 041 | _aara | ||
| 082 | _a657.95 | ||
| 100 |
_aبن زاوي، محمد الشريف _eمؤلف |
||
| 245 | 0 |
_aمحاسبة الشركات : _bمحاضرات ومسائل محلولة وفق النظام المحاسبي المالي والمعايير المحاسبية الدولية / _c محمد الشريف بن زاوي |
|
| 260 |
_aالجزائر : _bالنشر الجامعي الجديد, _c2018 |
||
| 300 |
_a218 صفحة؛ _bإيضاحات ؛ _c24 سم |
||
| 504 | _aالمراجع ص.217 | ||
| 520 | _aتناول الكتاب جزءا هاما من محاسبة الشركات بالتركيز على ثلاثة أنواع من الشركات تمثلت في شركات التضامن، الشركة ذات المسؤولية المحدودة وشركة المساهمة ، وقد دعمت هذه الفصول بتطبيقات ومسائل محلولة حتى يسهل على الطالب والباحث فهم مختلف المعالجات المحاسبية الممكنة . | ||
| 653 | _aالشركات - محاسبة | ||
| 653 | _aالمعايير المحاسبية | ||
| 700 |
_aبراق، محمد _eمؤلف ثانوي |
||
| 942 | _cكتاب | ||
| 999 |
_c45145 _d45145 |
||